000 00328nam a22001457a 4500
008 221121b ||||| |||| 00| 0 eng d
020 _a0934235112
041 _aeng
080 _2VOLUME 4
_a94
082 _a94 DON
100 _a28
101 _aHIS
245 _aOSIRIS THE CHEMICAL REVOLUTION
_cDONOVAN A
942 _2udc
_cBK
999 _c58972
_d58972